<?xml version="1.0" encoding="UTF-8"?>
<record
    xmlns:xsi="http://www.w3.org/2001/XMLSchema-instance"
    xsi:schemaLocation="http://www.loc.gov/MARC21/slim http://www.loc.gov/standards/marcxml/schema/MARC21slim.xsd"
    xmlns="http://www.loc.gov/MARC21/slim">

  <leader>00501nam a2200169Ia 4500</leader>
  <controlfield tag="003">IN-BaIIA</controlfield>
  <controlfield tag="008">211028s9999    xx            000 0 eng d</controlfield>
  <datafield tag="040" ind1=" " ind2=" ">
    <subfield code="c">IIA Library</subfield>
  </datafield>
  <datafield tag="245" ind1=" " ind2="0">
    <subfield code="a">Handbook of mathematical functions</subfield>
    <subfield code="c">edited by Milton Abramowitz and Irene A. Stegun</subfield>
  </datafield>
  <datafield tag="260" ind1=" " ind2=" ">
    <subfield code="a">New York</subfield>
    <subfield code="b">Dover Publications</subfield>
    <subfield code="c">1965</subfield>
  </datafield>
  <datafield tag="300" ind1=" " ind2=" ">
    <subfield code="a">1046p.</subfield>
  </datafield>
  <datafield tag="650" ind1=" " ind2=" ">
    <subfield code="a">Handbook</subfield>
    <subfield code="9">1241</subfield>
  </datafield>
  <datafield tag="650" ind1=" " ind2=" ">
    <subfield code="a">mathematics</subfield>
    <subfield code="9">82</subfield>
  </datafield>
  <datafield tag="700" ind1=" " ind2=" ">
    <subfield code="a">Milton, Abramowitz, ed.</subfield>
    <subfield code="9">9054</subfield>
  </datafield>
  <datafield tag="700" ind1=" " ind2=" ">
    <subfield code="a">Stegun, Irene A., ed.</subfield>
    <subfield code="9">9055</subfield>
  </datafield>
  <datafield tag="942" ind1=" " ind2=" ">
    <subfield code="c">BK</subfield>
  </datafield>
  <datafield tag="999" ind1=" " ind2=" ">
    <subfield code="c">5084</subfield>
    <subfield code="d">5084</subfield>
  </datafield>
  <datafield tag="952" ind1=" " ind2=" ">
    <subfield code="0">0</subfield>
    <subfield code="1">0</subfield>
    <subfield code="4">0</subfield>
    <subfield code="7">0</subfield>
    <subfield code="a">BAN</subfield>
    <subfield code="b">KAV</subfield>
    <subfield code="c">GEN</subfield>
    <subfield code="d">1976-11-23</subfield>
    <subfield code="g">690.00</subfield>
    <subfield code="l">0</subfield>
    <subfield code="p">5679</subfield>
    <subfield code="r">2021-11-05</subfield>
    <subfield code="v">690.00</subfield>
    <subfield code="w">1976-11-23</subfield>
    <subfield code="y">BK</subfield>
    <subfield code="G">Rs. 690.00</subfield>
  </datafield>
</record>
